Normale Ansicht MARC-Ansicht ISBD

Kunstgeschichte als Geistesgeschichte (Titelsatznr. 60943)

[ MARC ]
MARC-Details
000 -Satzkennung
Kontrollfeld mit fester Länge 00969cam a22003012 4500
001 - Kontrollnummer
Kontrollfeld 1184719586
003 - Kontrollnummer Identifier
Kontrollfeld DE-627
005 - Datum und Zeit der letzten Transaktion
Kontrollfeld 20201019133643.0
007 - Feld mit fester Länge zur physischen Beschreibung - Allgemeine Information
Kontrollfeld mit fester Länge tu
008 - Feld mit fester Länge zur physischen Beschreibung - Allgemeine Angaben
Kontrollfeld mit fester Länge 041130s1928 xx ||||| 00| ||ger c
035 ## - Systemkontrollnummer
System-Kontrollnummer (DE-627)1184719586
035 ## - Systemkontrollnummer
System-Kontrollnummer (DE-576)114719586
035 ## - Systemkontrollnummer
System-Kontrollnummer (DE-599)BSZ114719586
040 ## - Katalogisierungsquelle
Original-Katalogisierungsstelle DE-627
Katalogisierungssprache ger
Übertragungsstelle DE-627
Beschreibungsfestlegungen rakwb
Bearbeitungsstelle STAFF
041 ## - Sprachcode
Sprachcode des Textes/der Tonspur oder des separaten Titels ger
084 ## - Andere Notation
Notation LH 64840
Quelle der Nummer rvk
IDN des Normdatensatzes oder Standardnummer (DE-625)rvk/94509:
084 ## - Andere Notation
Notation LH 61100
Quelle der Nummer rvk
IDN des Normdatensatzes oder Standardnummer (DE-625)rvk/94210:
100 1# - Haupteintragung - Personenname
Personenname Dvořák, Max
Datumsangaben in Verbindung mit einem Namen 1874-1921
IDN des Normdatensatzes oder Standardnummer (DE-588)118528378
-- (DE-627)138967148
-- (DE-576)208903321
Code für Beziehungskennzeichnung aut
245 10 - Titel
Titel Kunstgeschichte als Geistesgeschichte
Zusatz zum Titel Studien zur abendländischen Kunstentwicklung
Verfasserangabe etc. von Max Dvořák
250 ## - Ausgabebezeichnung
Ausgabebezeichnung 4. Tsd.
264 #1 - Produktion, Veröffentlichung, Distribution, Herstellung und Urheberrechtsvermerk
Herstellungs-, Veröffentlichungs- Vertriebs-, Erzeugungsort München
Produzent, Herausgeber, Distributor, Hersteller Piper
Datum der Herstellung, der Veröffentlichung, des Vertriebs oder des Urheberschutzvermerks 1928
300 ## - Physische Beschreibung
Umfang XIV, 275 S.
Andere physische Details zahlr. Ill.
336 ## - Inhaltstyp
Inhaltstypterm Text
Inhaltstypcode txt
Quelle rdacontent
337 ## - Medientyp
Bezeichnung des Medientyps ohne Hilfsmittel zu benutzen
Medientypcode n
Quelle rdamedia
338 ## - Datenträgertyp
Datenträgertypbezeichnung Band
Datenträgertypcode nc
Quelle rdacarrier
951 ## - EQUIVALENCE OR CROSS-REFERENCE--GEOGRAPHIC NAME/AREA NAME [OBSOLETE] [CAN/MARC only]
Geografischer Name BO
942 ## - Zusätzliche Felder (Koha)
Klassifikation oder Aufstellungssystematik Andere/Generische Klassifikation
Koha-Medientyp Monographien
Exemplare
Ausgeschieden Verloren Klassifikation oder Aufstellungssystematik Beschädigt Nicht entleihbar Heimatbibliothek Aufenthaltsbibliothek Aufstellungsort Erwerbungsdatum Kodierter Standort-Qualifier Anzahl Ausleihen Letzte Aktivität Exemplarnummer Preis gültig von Koha-Medientyp
    Andere/Generische Klassifikation     Stadtarchiv Frankfurt (Oder) | Archivbibliothek Stadtarchiv Frankfurt (Oder) | Archivbibliothek Magazin 19/10/2020 M   19/10/2020 88/2020 19/10/2020 Monographien